Entre el silencio y el fracaso : la relación "oficial" de Luis Hernández de Biedma sobre la exploración de Hernando de Soto en la Florida /

La Relación de Luis Hernández de Biedma (1544) es una de las obras menos conocidas sobre la expedición de Hernando de Soto a la Florida en el siglo XVI. Limitadas por los requisitos de los cuestionarios reales, las relaciones no permiten la libre observación del autor, por ello muchas veces se consi...

Full description

Bibliographic Details
Main Author: Moore, Charles
Format: Analitica de revista
Language:Spanish
Published: México, D.F Universidad Nacional Autónoma de México. Centro de Investigaciones sobre América Latina y el Caribe 2010
Subjects:

MARC

LEADER 00000cab a2200000 a 4500
001 029401
003 UAHC_CL
005 20170803123054.0
008 101221s2010 mx 000 spa
020 |z 0185156X 
040 |a UAHC_CL  |c UAHC_CL  |d UAHC_CL 
100 1 |a Moore, Charles 
245 1 0 |a Entre el silencio y el fracaso :  |b la relación "oficial" de Luis Hernández de Biedma sobre la exploración de Hernando de Soto en la Florida /  |c Charles Moore. 
260 |b Universidad Nacional Autónoma de México. Centro de Investigaciones sobre América Latina y el Caribe  |a México, D.F  |c 2010 
300 |a p. 139-158 
310 |a Trimestral 
500 |a Cuadernos Americanos: Nueva Epoca, ISSN 0185-156X, Vol. 2, N¼. 132, 2010 , pags. 139-158 
500 |a Cuadernos Americanos: Nueva Epoca, ISSN 0185-156X, Vol. 2, Nº. 132, 2010 , pags. 139-158 
520 |a La Relación de Luis Hernández de Biedma (1544) es una de las obras menos conocidas sobre la expedición de Hernando de Soto a la Florida en el siglo XVI. Limitadas por los requisitos de los cuestionarios reales, las relaciones no permiten la libre observación del autor, por ello muchas veces se consideran de poco interés literario. Este estudio examina cómo Biedma negocia la frontera entre lo que tiene que omitir por oficio y lo que incluye posiblemente para logra un efecto emotivo con su obra. 
520 |a La Relación de Luis Hernández de Biedma (1544) es una de las obras menos conocidas sobre la expedición de Hernando de Soto a la Florida en el siglo XVI. Limitadas por los requisitos de los cuestionarios reales, las relaciones no permiten la libre observación del autor, por ello muchas veces se consideran de poco interés literario. Este estudio examina cómo Biedma negocia la frontera entre lo que tiene que omitir por oficio y lo que incluye posiblemente para logra un efecto emotivo con su obra. 
590 |a Nota de migración: referencia analitica PP046 
650 4 |a HISTORIA 
759 |a PP046 
900 |a CUAD. AM.-132/10 
942 |c REVA 
952 |0 0  |1 0  |4 0  |6 CUAD___AM_132_10_000000000000000  |7 0  |8 General  |9 57772  |a BC  |b BC  |c General  |d 2017-08-03  |l 0  |o CUAD. AM.-132/10  |p FICTICIO1835  |r 2019-01-08 00:00:00  |t 1  |w 2017-08-03  |y REVA 
999 |c 29401  |d 29401